| 000 | 02409nam0a2200409 4500 | ||
|---|---|---|---|
| 001 | RU\NLR\bibl\1502089 | ||
| 005 | 20230731193238.0 | ||
| 010 |
_a978-5-94668-072-1 _92000 |
||
| 021 |
_aRU _b2010-13886 _9925 |
||
| 035 | _a(NLR Aleph) 001493539 | ||
| 035 | _a(nilc)RSL-KNO-004587096 | ||
| 090 |
_a1776066 _c1776066 |
||
| 100 | _a20100304d2010 u y0rusy50 ca | ||
| 101 | 0 | _arus | |
| 102 | _aRU | ||
| 105 | _aa zzzz||||| | ||
| 200 | 1 |
_aЛиства _eсобрание сочинений _fВ. В. Розанов _g[сост. и подгот. текста: А. Н. Николюкина и др. _gкоммент.: А. Н. Николюкина, В. Г. Сукача _gРос. акад. наук, ИНИОН] |
|
| 210 |
_aМосква _cРеспублика _aСанкт-Петербург _cРосток _d2010 |
||
| 215 |
_a589, [2] с. _cил., портр. _d21 |
||
| 225 | 1 |
_aСобрание сочинений _fпод общ. ред. А. Н. Николюкина _vТ. 30 |
|
| 320 | _aАлф. перечень произведений В. В. Розанова в конце кн. | ||
| 327 | 1 | _aСодерж.: Уединенное; Опавшие листья: короб первый; Опавшие листья: короб второй и последний | |
| 600 | 1 |
_aРозанов _bВ.В. _f1856 - 1919 _gВасилий Васильевич _xФилософские взгляды _92073288 _3RU\NLR\auth\661248177 |
|
| 610 | 0 | _aФилологические науки. Художественная литература -- Россия -- Русская литература -- кон. 19 - нач. 20 в. (2-ая пол. 90-х гг. 19 в. - 1917 г.) -- Произведения художественной литературы -- Художественная проза -- Сборники одного автора | |
| 686 |
_aШ5(2=Р)53-64я44 _2rubbk |
||
| 686 | _aЮ3(2)6-678 | ||
| 686 | _aШ6(2=Р)53я44 | ||
| 700 | 1 |
_4070 _7ca _8rus _aРозанов _bВ. В. _f1856-1919 _gВасилий Васильевич _9533 _3RU\NLR\AUTH\7717446 |
|
| 702 | 1 |
_4220 _7ca _8rus _aНиколюкин _bА. Н. _f1928- _gАлександр Николаевич _9165320 _3RU\NLR\AUTH\770165365 |
|
| 801 | 0 |
_aRU _bРГБ _c20100304 _grcr |
|
| 801 | 1 |
_aRU _bРГБ _c20100304 |
|
| 801 | 2 |
_aRU _bNLR _c20100420 _grcr |
|
| 942 | _cBOOK | ||
| 980 | _aNB | ||